Leçons de pharmacothérapie / (Record no. 165793)

MARC details
000 -LEADER
campo de control de longitud fija 00997nam a2200205 i 4500
001 - NÚMERO DE CONTROL
campo de control 165793
003 - IDENTIFICADOR DE NÚMERO DE CONTROL
campo de control ES-MaACL
005 - FECHA Y HORA DE LA ÚLTIMA TRANSACCIÓN
campo de control 20230906213215.0
008 - DATOS DE LONGITUD FIJA--INFORMACIÓN GENERAL
campo de control de longitud fija 021011m18961905ne |||| | fre d
040 ## - FUENTE DE CATALOGACIÓN
Centro catalogador/agencia de origen CCPB | B
Lengua de catalogación spa
Centro/agencia transcriptor CCPB | B
100 1# - ENTRADA PRINCIPAL--NOMBRE DE PERSONA
Nombre de persona Stokvis, B.J.
9 (RLIN) 132913
245 10 - MENCIÓN DEL TÍTULO
Título Leçons de pharmacothérapie /
Mención de responsabilidad, etc. du B. J. Stokvis ; traduction française des D. de Buck et L. de Moor.
260 ## - PUBLICACIÓN, DISTRIBUCIÓN, ETC.
Lugar de publicación, distribución, etc. Haarlem :
Nombre del editor, distribuidor, etc. De Erven F. Bohn ;
Lugar de publicación, distribución, etc. Paris :
Nombre del editor, distribuidor, etc. Octave Doin,
Fecha de publicación, distribución, etc. 1896-1905.
300 ## - DESCRIPCIÓN FÍSICA
Extensión 3 v. ;
Dimensiones 26 cm.
505 8# - NOTA DE CONTENIDO CON FORMATO
Nota de contenido con formato Contiene: Vol. I: Pharmacothérapie dénéral. Parasiticides, 470 p. --vol. II: Pharmacothérapie spéciales. Irritants vrais. Astringents. Caustiques. Protectifs. Hématiques, 494, CXXXV p.-- vol. III: Pharmacothérapie spéciale : hématokinétiques, alterants, adéniques, antipyretiques, neurotiques, 698, CLXXXII p.
650 #4 - PUNTO DE ACCESO ADICIONAL DE MATERIA--TÉRMINO DE MATERIA
Término de materia o nombre geográfico como elemento de entrada Farmacología.
9 (RLIN) 12725
700 1# - ENTRADA AGREGADA--NOMBRE PERSONAL
Nombre de persona Buck, D. de.
9 (RLIN) 126222
700 1# - ENTRADA AGREGADA--NOMBRE PERSONAL
Nombre de persona Moor, L. de.
9 (RLIN) 130125
852 ## - LOCALIZACIÓN
Ubicación ES-MaACL
Número de control de estantería G-14161-63
Nota libre -- Enc. hol.
Holdings
Estatus retirado Estado de pérdida Estado de daño No para préstamo Colección Biblioteca de origen Biblioteca actual Ubicación en estantería Fecha de adquisición Total de préstamos Signatura topográfica completa Código de barras Visto por última vez Precio de reemplazo Tipo de ítem Koha
        Libros del s. XIX Biblioteca del Ateneo de Madrid Biblioteca del Ateneo de Madrid Sala Pecera Planta 3 17/01/2008   G-14161-63 1173871 23/02/2023 23/02/2023 Libro impreso antiguo